Names for Groups of Animals - Statistics

General Stats
  • This quiz has been taken 132 times
  • The average score is 8 of 25
Answer Stats
Hint Answer % Correct
Fish School
89%
Wolves Pack
88%
Lions Pride
83%
Cattle Herd or Drove
80%
Crows Murder
70%
Dolphins Pod
56%
Bees Swarm
52%
Flamingos Flamboyance
34%
Rhinos Crash
33%
Camels Caravan
27%
Giraffes Tower
23%
Hyenas Cackle
22%
Beavers Colony
22%
Porpcupines Prickle
22%
Gorillas Band
20%
Coyotes Band
20%
Clams Bed
13%
Cheetahs Coalition
13%
Sharks Shiver
13%
Hippos Thunder or Bloat
11%
Skunks Stench
9%
Falcons Cast
8%
Jaguars Shadow
8%
Badgers Cete
6%
Manatees Aggregation
0%
No matching quizzes found
Score Distribution
Percent of People with Each Score
Percentile by Number Answered
Your Score History
You have not taken this quiz